| 000 | 00557cam a22001934a 4500 | ||
|---|---|---|---|
| 005 | 20250605164310.0 | ||
| 008 | 250528s ||||||||||||||||||||||||d | ||
| 035 | _a22466 | ||
| 020 | _a9789606706530 | ||
| 040 |
_aGR-AtMCL _bgre _dGR-AtMCL _eAACR2 |
||
| 245 | 1 | _aΠΙΘΑΝΟΤΗΤΕΣ ΚΑΙ ΣΤΑΤΙΣΤΙΚΗ ΓΙΑ ΜΗΧΑΝΙΚΟΥΣ / ΜΕΘΟΔΟΙ-ΕΦΑΡΜΟΓΕΣ | |
| 250 | _a1 | ||
| 260 |
_bΣοφια, _c2012 |
||
| 300 | _a751 | ||
| 700 | 1 |
_aΖιουτας Γιωργος _98285 |
|
| 942 | _cBK | ||
| 999 |
_c7518 _d7518 |
||